[Event "Orsha op-A 23rd"]
[Site "Orsha"]
[Date "2025.02.07"]
[Round "7"]
[White "Dasiuk, Roman"]
[Black "Strizhnev, Ivan"]
[Result "0-1"]
[WhiteElo "1780"]
[BlackElo "2010"]
[PlyCount "106"]
[EventDate "2025.02.03"]
[EventType "swiss"]
[EventRounds "9"]
[EventCountry "BLR"]
[SourceTitle "CB07_2025"]
[SourceDate "2025.02.12"]
[SourceVersion "1"]
[SourceVersionDate "2025.02.12"]
[SourceQuality "1"]

1. e4 c5 2. Nc3 Nc6 3. Bb5 Nd4 4. Nf3 a6 5. Bd3 g6 6. 0-0 Bg7 7. b3 e6 8. Bb2 Ne7 9. Re1 Nec6 10. Nxd4 Nxd4 11. Rb1 0-0 12. Ne2 d6 13. c3 Nxe2+ 14. Bxe2 d5 15. exd5 exd5 16. d4 Bf5 17. Bd3 Bxd3 18. Qxd3 cxd4 19. cxd4 Qd6 20. Qd2 Bf6 21. Rbc1 Rfc8 22. Rxc8+ Rxc8 23. Rc1 Rxc1+ 24. Qxc1 Kg7 25. g3 h5 26. Ba3 Qd7 27. Qf4 g5 28. Qe3 Kg6 29. Bc5 Qf5 30. Qe8 Qb1+ 31. Kg2 Qe4+ 32. Qxe4+ dxe4 33. Kf1 Kf5 34. Ke2 Ke6 35. Ke3 Kd5 36. h3 Bd8 37. g4 hxg4 38. hxg4 Bc7 39. f3 exf3 40. Kxf3 b6 41. Be7 Kxd4 42. Bxg5 Kd3 43. Bf6 b5 44. Be7 a5 45. Bc5 Bd8 46. Kf4 Kc3 47. Ke4 Kb2 48. Kd3 Kxa2 49. Kc2 Bf6 50. Be3 b4 51. Bc1 a4 52. bxa4 b3+ 53. Kd1 Bg5 0-1

[Event "Wch U10"]
[Site "Batumi"]
[Date "2022.09.24"]
[Round "8"]
[White "Dasiuk, Roman"]
[Black "Huseynov, Ahmed"]
[Result "0-1"]
[WhiteElo "1477"]
[BlackElo "1328"]
[PlyCount "96"]
[EventDate "2022.09.16"]
[EventType "swiss"]
[EventRounds "11"]
[EventCountry "GEO"]
[SourceTitle "EXT 2023"]
[Source "ChessBase"]
[SourceDate "2022.10.05"]
[SourceVersion "1"]
[SourceVersionDate "2022.10.05"]
[SourceQuality "1"]

1. e4 e6 2. d4 d5 3. Nc3 Bb4 4. e5 c5 5. a3 Bxc3+ 6. bxc3 Ne7 7. Qg4 Kf8 8. Bd3 Qa5 9. Bd2 Qa4 10. Nh3 c4 11. Be2 Qxc2 12. Rc1 Qg6 13. Qh4 h6 14. Nf4 Qh7 15. Nh5 Nbc6 16. g4 Na5 17. g5 hxg5 18. Qxg5 Nb3 19. Rd1 Nxd2 20. Rxd2 Qg6 21. Qh4 Bd7 22. Qh3 Qf5 23. Qxf5 Nxf5 24. Bg4 Ba4 25. Bxf5 Rxh5 26. Bg4 Rh8 27. f4 g6 28. h4 Ke7 29. Rdh2 Rac8 30. h5 gxh5 31. Rxh5 Rxh5 32. Rxh5 a5 33. f5 exf5 34. Bxf5 Bd7 35. Bxd7 Kxd7 36. Rh7 Ke7 37. Rh6 Rc6 38. Rxc6 bxc6 39. Kf2 Ke6 40. a4 f6 41. exf6 Kxf6 42. Ke3 Kg5 43. Ke2 Kg4 44. Ke3 Kg3 45. Ke2 Kg2 46. Ke3 Kf1 47. Kf3 Ke1 48. Ke3 Kd1 0-1

[Event "Online Friendship U12"]
[Site "Tornelo INT"]
[Date "2020.11.21"]
[Round "3.5"]
[White "Dasiuk, Roman"]
[Black "Cieslicki, Maksymilian"]
[Result "1-0"]
[WhiteElo "1314"]
[BlackElo "1231"]
[PlyCount "65"]
[EventDate "2020.11.21"]
[EventType "team-swiss"]
[EventRounds "7"]
[EventCountry "BLR"]
[SourceTitle "CBM 199 Extra"]
[Source "ChessBase"]
[SourceDate "2021.01.31"]
[SourceVersion "1"]
[SourceVersionDate "2021.01.31"]
[SourceQuality "1"]
[WhiteTeam "Belarus Vitebsk"]
[BlackTeam "Katowice Hetman Szopienice"]
[WhiteTeamCountry "BLR"]
[BlackTeamCountry "POL"]

1. e4 c6 2. d4 d5 3. Nc3 dxe4 4. Nxe4 Bf5 5. Ng3 Bg6 6. h4 h6 7. Nf3 Nd7 8. Bc4 e6 9. Be3 Be7 10. h5 Bh7 11. Qd2 Ngf6 12. 0-0-0 0-0 13. Bd3 Qb6 14. Bxh7+ Nxh7 15. d5 exd5 16. Bxb6 axb6 17. Nf5 Rfe8 18. Nxe7+ Rxe7 19. Rde1 Rxa2 20. Kb1 Rxe1+ 21. Rxe1 Ra8 22. Ne5 Nxe5 23. Rxe5 Nf6 24. Qf4 Kh7 25. Re7 Rf8 26. g4 g5 27. Qxf6 Kg8 28. Qxh6 c5 29. Qxg5+ Kh7 30. h6 Rg8 31. Rxf7+ Kh8 32. Qf6+ Rg7 33. Qxg7# 1-0